La classe de philisophie (Record no. 64143)

MARC details
000 -CABECERA
campo de control de longitud fija 00452nam a2200181 a 4500
005 - FECHA Y HORA DE LA ÚLTIMA TRANSACCIÓN
campo de control 20210219152933.0
008 - ELEMENTOS DE LONGITUD FIJA--INFORMACIÓN GENERAL
campo de control de longitud fija 991125n 000 0 fre u
035 ## - NÚMERO DE CONTROL DEL SISTEMA
Número de control de sistema UPN01000067690
100 ## - ASIENTO PRINCIPAL--NOMBRE PERSONAL
Nombre de persona COUSINET, Roger
222 ## - TÍTULO CLAVE
Título clave EDUCATION ET DEVELOPPMENT
245 ## - MENCIÓN DE TÍTULO
Título La classe de philisophie
300 ## - DESCRIPCIÓN FÍSICA
Extensión 3-17
362 ## - FECHAS DE PUBLICACIÓN Y/O DESIGNACIÓN SECUENCIAL
Fecha de publicación y/o designación secuencial 1966 Année 3, no. 21 oct.
653 0# - TERMINO DE INDIZACION - NO CONTROLADO
Término no controlado ENSEÑANZA
653 0# - TERMINO DE INDIZACION - NO CONTROLADO
Término no controlado FILOSOFIA
904 ## - ELEMENTOS DE DATOS D LOCAL, LDD (RLIN)
a AC
b 005501
905 ## - TIPO DE MATERIAL
Tipo de material Articulo

No items available.